| 000 | 00341cam a22001097a 4500 | ||
|---|---|---|---|
| 008 | 180718b1965 xxu||||| |||| 00| 0 eng d | ||
| 082 | _aLoox5452 M267ac | ||
| 245 | _aThe Madras account code | ||
| 260 |
_aMadras _bThe Director of Stationery and Printing _c1965 |
||
| 300 | _a447+p. | ||
| 500 | _aContents : Library has v.3 : Departmental Accounts | ||
| 999 |
_c500261 _d500261 |
||